Objective General English/ (Record no. 190905)

MARC details
000 -LEADER
fixed length control field 00593nam a22001937a 4500
005 - DATE AND TIME OF LATEST TRANSACTION
control field 20220810144610.0
010 ## - LCCN (DPL NO)
LC control number ENG-134381
020 ## - INTERNATIONAL STANDARD BOOK NUMBER
International Standard Book Number 9789352535354
Terms of availability 655.00
035 ## - SYSTEM CONTROL NUMBER
System control number EN-117913
037 ## - SOURCE OF ACQUISITION
Source of stock number/acquisition DBAD/PUB
082 ## - DEWEY DECIMAL CLASSIFICATION NUMBER
Classification number 000
100 ## - MAIN ENTRY--PERSONAL NAME
Personal name Aggarwal, R.S.
245 ## - TITLE STATEMENT
Title Objective General English/
Statement of responsibility, etc R.S. Aggarwal and Vikas Aggarwal
260 ## - PUBLICATION, DISTRIBUTION, ETC. (IMPRINT)
Place of publication, distribution, etc New Delhi
Name of publisher, distributor, etc S Chand and Company Limited
Date of publication, distribution, etc 2017
270 ## - ADDRESS
Address 7361, Ram Nagar
City New Delhi
Postal code 110055
Electronic mail address helpdesk@schandpublishing.com
300 ## - PHYSICAL DESCRIPTION
Extent 716p.
Dimensions 24cm(pbk)
700 ## - ADDED ENTRY--PERSONAL NAME
Personal name Aggarwal, Vikas
942 ## - ADDED ENTRY ELEMENTS (KOHA)
Source of classification or shelving scheme Dewey Decimal Classification
Item type English Books
Classification part 000
Call number suffix AGG
Holdings
Withdrawn status Lost status Not for loan Collection code Home library Current library Date acquired Source of acquisition Cost, normal purchase price Full call number Barcode Copy number Cost, replacement price Koha item type
      Non-fiction Bawana Bawana 10/08/2022 DBAD/PUB 655.00 000 AGG EN-117913 1 655.00 English Books

© Delhi Public Library
Hit Counter
free hit counter